La confirmación de los negocios jurídicos
Gespeichert in:
| 1. Verfasser: | |
|---|---|
| Format: | Buch |
| Sprache: | Spanisch |
| Veröffentlicht: |
Madrid
Tecnos
1976
|
| Schriftenreihe: | Biblioteca Tecnos de Estudios Jurídicos
|
| Schlagworte: | |
| Tags: |
Tag hinzufügen
Keine Tags, Fügen Sie den ersten Tag hinzu!
|
MARC
| LEADER | 00000nam a2200000 a 4500 | ||
|---|---|---|---|
| 001 | UCS1090 | ||
| 003 | CL-VaPUC | ||
| 008 | 970509e19760000SP |||||||||||||||||spa|d | ||
| 082 | 0 | 4 | |a 346.02 |b SER |2 21 |
| 100 | 0 | |a Serrano Alonso, Eduardo |e author |9 385160 | |
| 245 | 1 | 3 | |a La confirmación de los negocios jurídicos |
| 300 | |a 130 p | ||
| 942 | |c BK | ||
| 945 | |d 19970509 00:00:00 |a cmena | ||
| 260 | |a Madrid |b Tecnos |c 1976 | ||
| 650 | 0 | |a Actos jurídicos |9 255748 | |
| 650 | 0 | |a Negocio jurídico |9 258242 | |
| 650 | 0 | |a Código civil |9 256135 | |
| 650 | 0 | |a Derecho civil |9 255013 | |
| 650 | 0 | |a Derecho privado |9 258243 | |
| 650 | 0 | |a Derecho comparado |9 255664 | |
| 583 | |a last modification |c 19970509 00:00:00 |k Rodrigo Vera | ||
| 490 | 0 | |a Biblioteca Tecnos de Estudios Jurídicos | |
| 999 | |c 259196 |d 259194 | ||
| 952 | |0 0 |1 0 |4 0 |6 346_020000000000000_SER_1976 |7 0 |8 A |9 283811 |a BIBDER |b BIBDER |d 2019-11-19 |i 1842811 |o 346.02 SER 1976 |p 1842811 |r 2023-01-25 |w 2019-11-19 |y BK |k DER | ||